| 000 | 01112nam a2200337 a 4500 | ||
|---|---|---|---|
| 001 | 000107893 | ||
| 003 | CHAP | ||
| 005 | 20220329143948.0 | ||
| 008 | 131114s2011 mx a |r| |||||||spa d | ||
| 010 | _a104355 | ||
| 011 | _a105327 | ||
| 020 | _a9786074013849 | ||
| 040 | _cCHAP | ||
| 082 | 0 | 4 |
_a631.5 _bE56 |
| 245 | 0 | 5 |
_aLos "encadenamientos migratorios" en espacios de agricultura intensiva / _ccoordinado por Sara María Lara Flores. |
| 260 |
_aZinacantepec, Edo. de Méx. : _bEl Colegio Mexiquense _bPorrúa, _c2011. |
||
| 300 |
_a273 p. : _bil., gráfs., cuadros. |
||
| 490 | 1 | _aDesarrollo y migración | |
| 590 |
_aBATCH-UPD _b10 _c20161021 _lUCH01 _h1240 |
||
| 590 |
_aE11695DGD _b10 _c20131118 _lUCH01 _h1017 |
||
| 590 |
_aE6096MTM _b05 _c20131114 _lUCH01 _h1501 |
||
| 590 |
_aE6096MTM _b05 _c20131114 _lUCH01 _h1503 |
||
| 650 | 1 | 4 |
_aAgricultura migratoria. _92004 |
| 650 | 1 | 4 |
_aAgricultura _xTrabajadores. _91840 |
| 650 | 1 | 4 |
_aSistemas de cultivo. _9106746 |
| 700 | 1 |
_aLara Flores, Sara María _9124627 |
|
| 830 | 0 |
_aDesarrollo y migración _932110 |
|
| 901 | _aBK | ||
| 942 | _cLIBRO | ||
| 942 | _n0 | ||
| 999 |
_c104355 _d104355 |
||